मराठी वाड.मयसेवक :चरित्रकोश ( इ. स. 1039-1940 ) खंड 2 रा (Record no. 106566)

MARC details
000 -LEADER
fixed length control field 00659nam a2200145Ia 4500
008 - FIXED-LENGTH DATA ELEMENTS--GENERAL INFORMATION
fixed length control field 090124s9999 xx 000 0 und d
082 ## - DEWEY DECIMAL CLASSIFICATION NUMBER
Item number 40249
245 ## - TITLE STATEMENT
Title मराठी वाड.मयसेवक :चरित्रकोश ( इ. स. 1039-1940 ) खंड 2 रा
250 ## - EDITION STATEMENT
Edition statement 1
260 ## - PUBLICATION, DISTRIBUTION, ETC. (IMPRINT)
Name of publisher, distributor, etc अथेना प्रकाशन
Date of publication, distribution, etc 2003
300 ## - PHYSICAL DESCRIPTION
Extent 427
630 ## - SUBJECT ADDED ENTRY--UNIFORM TITLE
Uniform title मराठी वाड.मयसेवक :चरित्रकोश ( इ. स. 1039-1940 ) खंड 2 रा
730 ## - ADDED ENTRY--UNIFORM TITLE
Uniform title मराठी वाड.मयसेवक :चरित्रकोश ( इ. स. 1039-1940 ) खंड 2 रा
942 ## - ADDED ENTRY ELEMENTS (KOHA)
Koha item type Book
Holdings
Withdrawn status Lost status Damaged status Not for loan Home library Current library Date acquired Cost, normal purchase price Total Checkouts Full call number Barcode Date last seen Cost, replacement price Price effective from Koha item type
        Nagar Wachan Mandir, Thane Nagar Wachan Mandir, Thane   520.00   40249 THNNWM-40249 01/24/2009 520.00 01/24/2009 Book